[Event "2nd BEHIN BAZAFARIN-Tehran"]
[Site "Tehran"]
[Date "2014.11.21"]
[Round "8.12"]
[White "Toufighi, Homayoon"]
[Black "Zarepisheh, Gholamreza"]
[Result "1-0"]
[WhiteElo "2440"]
[BlackElo "2105"]
[Annotator "www.Chessboard.ir"]
[PlyCount "83"]
[EventDate "2014.??.??"]
[EventRounds "2"]
[EventCountry "IRI"]
[WhiteClock "1:29:01"]
[BlackClock "0:25:15"]

1. d4 Nf6 2. Nf3 e6 3. Bf4 c5 4. e3 Be7 5. Nbd2 O-O 6. c3 b6 7. Bd3 Bb7 8. h3
cxd4 9. exd4 d6 10. O-O h6 11. Re1 Re8 12. a4 a6 13. Qe2 Nbd7 14. Nc4 Qc7 15.
Bh2 Bf8 16. Ne3 Ne4 17. c4 Qd8 18. Qc2 Nef6 19. a5 bxa5 20. Be2 Be4 21. Qc3 Rb8
22. Nd2 Ba8 23. c5 Rc8 24. Bxa6 dxc5 25. Bxc8 Qxc8 26. dxc5 Bxc5 27. Qxa5 Qb7
28. Qa6 Qxb2 29. Ndc4 Qd4 30. Rad1 Qh4 31. Qb5 Bxe3 32. Nxe3 Nf8 33. Ra1 Qe4
34. Ra4 Qg6 35. Qxe8 Nxe8 36. Rxa8 f6 37. Rd1 Kh7 38. Rdd8 Nc7 39. Bxc7 Qb1+
40. Kh2 Ng6 41. Ra7 Qe1 42. Rd7 1-0

[Event "2nd BEHIN BAZAFARIN-Tehran"]
[Site "Tehran"]
[Date "2014.11.21"]
[Round "8.13"]
[White "Mousavi, Seyed Khalil"]
[Black "Asadi, Sadegh"]
[Result "1/2-1/2"]
[WhiteElo "2339"]
[BlackElo "2106"]
[Annotator "www.Chessboard.ir"]
[PlyCount "113"]
[EventDate "2014.??.??"]
[EventRounds "2"]
[EventCountry "IRI"]

1. Nf3 Nf6 2. c4 c6 3. d4 d5 4. Nbd2 e6 5. e3 Be7 6. Bd3 O-O 7. O-O Nbd7 8. e4
dxe4 9. Nxe4 Nxe4 10. Bxe4 Nf6 11. Bc2 c5 12. Qd3 cxd4 13. Bg5 g6 14. Rad1 Nh5
15. Bxe7 Qxe7 16. Qxd4 b6 17. Be4 Bb7 18. Bxb7 Qxb7 19. Ne5 Qc7 20. Ng4 Qf4 21.
Qxf4 Nxf4 22. g3 Nh3+ 23. Kg2 Ng5 24. Rd7 h5 25. Ne5 Ne4 26. Rfd1 Nf6 27. Rb7
Rfb8 28. Rxb8+ Rxb8 29. Nc6 Rb7 30. Rd8+ Kg7 31. b4 a5 32. b5 Nd7 33. Kf3 Kf6
34. Ke4 Nc5+ 35. Kd4 Nd7 36. f4 Kf5 37. Ne5 Nc5 38. Ke3 Kf6 39. Rc8 Kf5 40. Nc6
Kg4 41. Rd8 Kh3 42. Rd2 Rd7 43. Rxd7 Nxd7 44. Ne5 Nc5 45. Nxf7 Kxh2 46. Kf3 a4
47. a3 Kg1 48. Nd6 Kf1 49. Ne4 Nd7 50. Ke3 Kg2 51. Kd4 Kf3 52. c5 bxc5+ 53.
Nxc5 Nb6 54. Ne4 Nd7 55. Nc5 Nb6 56. Ne4 Nd7 57. Nc5 1/2-1/2

[Event "2nd BEHIN BAZAFARIN-Tehran"]
[Site "Tehran"]
[Date "2014.11.21"]
[Round "8.14"]
[White "Ghorbani, Hadi"]
[Black "Darban, Morteza"]
[Result "1/2-1/2"]
[WhiteElo "2047"]
[BlackElo "2335"]
[Annotator "www.Chessboard.ir"]
[PlyCount "154"]
[EventDate "2014.??.??"]
[EventRounds "2"]
[EventCountry "IRI"]

1. d4 Nf6 2. c4 g6 3. Nc3 Bg7 4. e4 d6 5. Be2 O-O 6. Nf3 e5 7. O-O Nc6 8. d5
Ne7 9. Ne1 Nd7 10. Nd3 f5 11. Bd2 Kh8 12. f3 f4 13. b4 Nf6 14. a4 h5 15. a5 g5
16. Nf2 Rg8 17. c5 Bf8 18. cxd6 cxd6 19. h3 Rg7 20. Rc1 Neg8 21. Nb5 Ne8 22.
Rc3 Bd7 23. Qa1 Ngf6 24. Rfc1 a6 25. Nc7 Nxc7 26. Rxc7 Rb8 27. Qa3 Qe8 28. R1c3
Be7 29. Bd1 Bd8 30. R7c4 Bb5 31. Rc8 Rxc8 32. Rxc8 Rc7 33. Ra8 Qd7 34. h4 gxh4
35. Nh3 Rc8 36. Rxc8 Qxc8 37. Ba4 Nh7 38. Bxb5 axb5 39. Qc3 Qxc3 40. Bxc3 Kg8
41. Kf1 Kf7 42. Be1 Ke8 43. Ke2 Kd7 44. Kd3 b6 45. axb6 Kc8 46. Kc3 Kb7 47. Bf2
Nf8 48. Kd3 Ng6 49. Kc2 Bxb6 50. Bxb6 Kxb6 51. Kd3 Kc7 52. Ke2 Nf8 53. Ng5 Nd7
54. Ne6+ Kc8 55. Ng7 Nb6 56. Nf5 Nc4 57. Nxh4 Ne3 58. g3 Nc2 59. gxf4 exf4 60.
Ng6 Nxb4 61. Nxf4 h4 62. Kf2 Kd7 63. Kg2 Nc2 64. Nd3 b4 65. f4 b3 66. Kh3 Nd4
67. Kxh4 Nf3+ 68. Kg4 Nd2 69. e5 Nc4 70. Kf5 b2 71. Nxb2 Nxb2 72. Kf6 Nc4 73.
exd6 Kxd6 74. Kg7 Kxd5 75. f5 Nd6 76. f6 Ne8+ 77. Kf7 Nxf6 1/2-1/2

[Event "2nd BEHIN BAZAFARIN-Tehran"]
[Site "Tehran"]
[Date "2014.11.21"]
[Round "8.15"]
[White "Sedghi, Babak"]
[Black "Pourghanbarzad Lashtnesha, Arm"]
[Result "0-1"]
[WhiteElo "2009"]
[BlackElo "2286"]
[Annotator "www.Chessboard.ir"]
[PlyCount "78"]
[EventDate "2014.??.??"]
[EventRounds "2"]
[EventCountry "IRI"]

1. d4 d5 2. c4 c6 3. Nf3 Nf6 4. e3 e6 5. Nc3 Nbd7 6. Qc2 Bd6 7. e4 dxe4 8. Ng5
O-O 9. Ngxe4 Nxe4 10. Nxe4 Bb4+ 11. Bd2 Bxd2+ 12. Qxd2 Nf6 13. Ng3 b6 14. Be2
Bb7 15. Bf3 Qd7 16. Rd1 Rfd8 17. O-O c5 18. Bxb7 Qxb7 19. Qf4 Qa6 20. dxc5 bxc5
21. b3 Qxa2 22. Rxd8+ Rxd8 23. Qc7 Rf8 24. Rd1 Qxb3 25. Rd8 Qb6 26. Rxf8+ Kxf8
27. Qc8+ Ke7 28. h3 g6 29. Kh2 a5 30. Ne2 Ne8 31. g3 Nd6 32. Qh8 h5 33. Nf4
Nxc4 34. Qg7 Qb1 35. h4 a4 36. Nh3 Qb2 37. Qg8 a3 38. Kg2 Ne3+ 39. Kg1 a2 0-1

[Event "2nd BEHIN BAZAFARIN-Tehran"]
[Site "Tehran"]
[Date "2014.11.21"]
[Round "8.16"]
[White "Tahbaz, Arash"]
[Black "Afshari, Mohammadreza"]
[Result "1/2-1/2"]
[WhiteElo "2277"]
[BlackElo "2084"]
[Annotator "www.Chessboard.ir"]
[PlyCount "45"]
[EventDate "2014.??.??"]
[EventRounds "2"]
[EventCountry "IRI"]

1. e4 e5 2. Nf3 Nc6 3. Bb5 Nf6 4. O-O Nxe4 5. Qe2 Nd6 6. Bxc6 dxc6 7. Qxe5+ Qe7
8. Qa5 Qd8 9. Qc3 Be6 10. Re1 Qd7 11. Ng5 O-O-O 12. Nxe6 fxe6 13. Qb3 Nf5 14.
c3 e5 15. Na3 Bc5 16. Nc4 Rhf8 17. Nxe5 Bxf2+ 18. Kxf2 Nd4+ 19. Kg3 Qf5 20.
cxd4 Qf4+ 21. Kh3 Qh6+ 22. Kg3 Qf4+ 23. Kh3 1/2-1/2

[Event "2nd BEHIN BAZAFARIN-Tehran"]
[Site "Tehran"]
[Date "2014.11.21"]
[Round "8.17"]
[White "Khademi, Mohammad Miran"]
[Black "Roozbayan, Reza"]
[Result "1-0"]
[WhiteElo "2202"]
[BlackElo "2046"]
[Annotator "www.Chessboard.ir"]
[PlyCount "73"]
[EventDate "2014.??.??"]
[EventRounds "2"]
[EventCountry "IRI"]

1. e4 c5 2. Nf3 a6 3. c3 Nf6 4. e5 Nd5 5. Bc4 e6 6. d4 cxd4 7. Qxd4 Nc6 8. Qe4
Nb6 9. Bb3 d5 10. exd6 Bxd6 11. O-O Bd7 12. Rd1 Qc7 13. Be3 Na5 14. Nbd2 Nxb3
15. axb3 Bc6 16. Qd4 Nd5 17. Ne4 Bf8 18. Bh6 O-O-O 19. Ne5 Be7 20. Nxc6 Qxc6
21. Qxg7 f5 22. c4 Nc7 23. Qxe7 Qxe4 24. Bg5 Rde8 25. Qd7+ Kb8 26. f3 Qc2 27.
Rd2 Qxb3 28. Ra3 Qb4 29. Be3 Rc8 30. Qd4 b6 31. Qxb6+ Qxb6 32. Bxb6 Kb7 33. Rb3
Nb5 34. Bd4 Rhd8 35. cxb5 e5 36. bxa6+ Ka8 37. Bc3 1-0

[Event "2nd BEHIN BAZAFARIN-Tehran"]
[Site "Tehran"]
[Date "2014.11.21"]
[Round "8.18"]
[White "Mari Ooriad, Pouya"]
[Black "Pilvaieh, Ali"]
[Result "1/2-1/2"]
[WhiteElo "2196"]
[BlackElo "2043"]
[Annotator "www.Chessboard.ir"]
[PlyCount "82"]
[EventDate "2014.??.??"]
[EventRounds "2"]
[EventCountry "IRI"]

1. e4 c5 2. Nc3 Nc6 3. Bb5 Nd4 4. Bc4 g6 5. Nf3 Bg7 6. Nxd4 cxd4 7. Qf3 Nf6 8.
e5 dxc3 9. exf6 cxd2+ 10. Bxd2 Bxf6 11. O-O-O O-O 12. h4 Qb6 13. c3 Qc5 14. Bd5
d6 15. Bh6 Bg7 16. Bxg7 Kxg7 17. h5 Be6 18. Bxe6 fxe6 19. Qxb7 Rae8 20. f3 Qg5+
21. Rd2 Rb8 22. Qxa7 Rxb2 23. f4 Qxf4 24. Qxe7+ Kg8 25. Qxe6+ Kg7 26. Qe7+ Kg8
27. Qe6+ Kg7 28. h6+ Kh8 29. Qxd6 Qxd6 30. Rxd6 Rxa2 31. Rhd1 Rxg2 32. Rd8 Rg8
33. Rxg8+ Kxg8 34. Rd8+ Kf7 35. Rh8 g5 36. Rxh7+ Kg6 37. Rh8 g4 38. Kd1 g3 39.
Ke1 Rg1+ 40. Ke2 g2 41. Kf2 Rc1 1/2-1/2

[Event "2nd BEHIN BAZAFARIN-Tehran"]
[Site "Tehran"]
[Date "2014.11.21"]
[Round "8.19"]
[White "Falah, Mehdi"]
[Black "Soozankar, A.M."]
[Result "0-1"]
[WhiteElo "1964"]
[BlackElo "2190"]
[Annotator "www.Chessboard.ir"]
[PlyCount "50"]
[EventDate "2014.??.??"]
[EventRounds "2"]
[EventCountry "IRI"]

1. e4 e6 2. d4 d5 3. Nd2 c5 4. exd5 Qxd5 5. Ngf3 cxd4 6. Bc4 Qd6 7. O-O Nf6 8.
Nb3 Nc6 9. Nbxd4 Nxd4 10. Nxd4 a6 11. Re1 Qc7 12. Bb3 Bd6 13. Nf5 Bxh2+ 14. Kh1
O-O 15. Nxg7 Rd8 16. Qf3 Kxg7 17. Bh6+ Kg6 18. c3 Nh5 19. Re4 Kxh6 20. Rh4 Qe5
21. Qxf7 Rd7 22. Qf8+ Qg7 23. Qe8 Qf7 24. Qh8 Bc7 25. g4 Rd8 0-1

[Event "2nd BEHIN BAZAFARIN-Tehran"]
[Site "Tehran"]
[Date "2014.11.21"]
[Round "8.20"]
[White "Tavakolian, M."]
[Black "Shafaee, H."]
[Result "0-1"]
[WhiteElo "2148"]
[BlackElo "2022"]
[Annotator "www.Chessboard.ir"]
[PlyCount "84"]
[EventDate "2014.??.??"]
[EventRounds "2"]
[EventCountry "IRI"]

1. c4 c5 2. Nf3 Nf6 3. d4 cxd4 4. Nxd4 Nc6 5. Nc3 d6 6. e4 g6 7. f3 Nxd4 8.
Qxd4 Bg7 9. Be3 O-O 10. Qd2 Be6 11. Be2 Qa5 12. O-O Rfc8 13. b3 a6 14. Rac1 b5
15. Nd5 Qxd2 16. Bxd2 Bxd5 17. cxd5 Nd7 18. Be3 Bb2 19. Rcd1 Ba3 20. Bd3 Rc7
21. h4 Rac8 22. h5 Bc5 23. Kf2 Ne5 24. Bb1 a5 25. hxg6 hxg6 26. Bxc5 Rxc5 27.
f4 Ng4+ 28. Ke2 Kg7 29. Rh1 Rc3 30. Bd3 a4 31. b4 Ra3 32. Rd2 Rcc3 33. Re1 Nf2
34. Bb1 Ng4 35. Bd3 Nf2 36. Bb1 Ng4 37. Kf1 f6 38. Ke2 Rc4 39. Rb2 Re3+ 40. Kf1
a3 41. Rb3 Rxb3 42. axb3 Rc3 0-1

[Event "2nd BEHIN BAZAFARIN-Tehran"]
[Site "Tehran"]
[Date "2014.11.22"]
[Round "9.1"]
[White "Korneev, Oleg"]
[Black "Ghaem Maghami, Ehsan"]
[Result "1/2-1/2"]
[WhiteElo "2588"]
[BlackElo "2559"]
[Annotator "www.Chessboard.ir"]
[PlyCount "31"]
[EventDate "2014.??.??"]
[EventRounds "2"]
[EventCountry "IRI"]
[WhiteClock "1:12:28"]
[BlackClock "1:03:12"]

1. e4 e5 2. Nf3 Nc6 3. Nc3 Nf6 4. d4 exd4 5. Nxd4 Bb4 6. Nxc6 bxc6 7. Bd3 O-O
8. O-O d5 9. exd5 cxd5 10. h3 h6 11. Qf3 c6 12. Rd1 Re8 13. Ne2 Bd6 14. Bf4
Bxf4 15. Qxf4 Qb6 16. b3 1/2-1/2

[Event "2nd BEHIN BAZAFARIN-Tehran"]
[Site "Tehran"]
[Date "2014.11.22"]
[Round "9.2"]
[White "Darini, Pouria"]
[Black "Tabatabaei, M.Amin"]
[Result "1-0"]
[WhiteElo "2458"]
[BlackElo "2353"]
[Annotator "www.Chessboard.ir"]
[PlyCount "91"]
[EventDate "2014.??.??"]
[EventRounds "2"]
[EventCountry "IRI"]
[WhiteClock "0:25:13"]
[BlackClock "0:54:12"]

1. e4 e5 2. Nf3 Nc6 3. d4 exd4 4. Nxd4 Nf6 5. Nxc6 bxc6 6. e5 Qe7 7. Qe2 Nd5 8.
c4 Nb6 9. Nc3 Qe6 10. Qe4 d5 11. exd6 Qxe4+ 12. Nxe4 cxd6 13. Bd2 f5 14. Ng3
Be6 15. b3 a5 16. Bd3 g6 17. Bc3 Rg8 18. Ne2 Kf7 19. O-O Be7 20. Rad1 c5 21.
Nf4 Bd7 22. a4 Rge8 23. Rfe1 Bf6 24. Rxe8 Bxe8 25. Bxf6 Kxf6 26. Be2 Rd8 27.
Bf3 Bf7 28. h4 Nd7 29. Rxd6+ Ke5 30. Rd3 g5 31. Re3+ Kf6 32. Nd5+ Bxd5 33. Bxd5
gxh4 34. Re6+ Kg7 35. Rd6 Kf8 36. f4 Ke7 37. Re6+ Kf8 38. Ra6 Re8 39. Kf2 Re7
40. Rxa5 Nf6 41. Bf3 Rc7 42. Ra8+ Kg7 43. Rb8 Ng4+ 44. Kg1 Kf6 45. Rb6+ Ke7 46.
a5 1-0

[Event "2nd BEHIN BAZAFARIN-Tehran"]
[Site "Tehran"]
[Date "2014.11.22"]
[Round "9.3"]
[White "Harutjunyan, Gevorg"]
[Black "Mahdavirad, Mehdi"]
[Result "1-0"]
[WhiteElo "2451"]
[BlackElo "2264"]
[Annotator "www.Chessboard.ir"]
[PlyCount "99"]
[EventDate "2014.??.??"]
[EventRounds "2"]
[EventCountry "IRI"]
[WhiteClock "0:55:53"]
[BlackClock "0:06:10"]

1. e4 c5 2. Nf3 Nc6 3. Nc3 d6 4. d4 cxd4 5. Nxd4 Nf6 6. Bg5 e6 7. Bb5 Bd7 8.
Bxc6 bxc6 9. Qf3 e5 10. Nf5 Bxf5 11. Qxf5 Qd7 12. Qf3 Be7 13. O-O-O O-O 14. Rd3
Rfd8 15. Rhd1 Ne8 16. Qg3 Bxg5+ 17. Qxg5 Qe6 18. Kb1 Rd7 19. b3 h6 20. Qd2 Rad8
21. Na4 Nf6 22. f3 Qe7 23. Qc3 Rc7 24. Qb4 Kf8 25. c4 Rcd7 26. Nc3 h5 27. Qa4
Rc8 28. c5 d5 29. exd5 Qxc5 30. dxc6 Rxd3 31. Rxd3 Rxc6 32. Qb5 Qxb5 33. Nxb5
a6 34. Nd6 g6 35. a4 Ke7 36. Nc4 Ke6 37. Rd8 e4 38. fxe4 Rc5 39. e5 Ng4 40.
Rd6+ Kf5 41. Rxa6 Nxe5 42. Nxe5 Rxe5 43. Rc6 h4 44. Kb2 g5 45. b4 Ke4 46. a5 f5
47. a6 Re7 48. b5 h3 49. g3 Kd5 50. Rc2 1-0

[Event "2nd BEHIN BAZAFARIN-Tehran"]
[Site "Tehran"]
[Date "2014.11.22"]
[Round "9.4"]
[White "Hosseinipour, Mehdi"]
[Black "Petrosian, Davit G"]
[Result "1-0"]
[WhiteElo "2275"]
[BlackElo "2382"]
[Annotator "www.Chessboard.ir"]
[PlyCount "58"]
[EventDate "2014.??.??"]
[EventRounds "2"]
[EventCountry "IRI"]
[WhiteClock "0:11:01"]
[BlackClock "0:00:33"]

1. e4 c5 2. Nf3 d6 3. d4 cxd4 4. Nxd4 Nf6 5. Nc3 g6 6. Be3 Bg7 7. f3 Nc6 8. Qd2
O-O 9. Bc4 Bd7 10. O-O-O Ne5 11. Bb3 Qa5 12. Kb1 Rfc8 13. g4 b5 14. h4 Rab8 15.
Ka1 Nc4 16. Bxc4 bxc4 17. h5 Rc5 18. hxg6 fxg6 19. a3 Qa6 20. Rb1 Ra5 21. Ka2
e5 22. Nde2 Be6 23. Bh6 Bxh6 24. Rxh6 Nd7 25. Ng3 Nc5 26. Nf5 Nd3 27. cxd3
cxd3+ 28. Nd5 Qb7 29. Qxa5 gxf5 1-0

[Event "2nd BEHIN BAZAFARIN-Tehran"]
[Site "Tehran"]
[Date "2014.11.22"]
[Round "9.5"]
[White "Mosadeghpour, Masoud"]
[Black "Nasri, Amin"]
[Result "1-0"]
[WhiteElo "2347"]
[BlackElo "2275"]
[Annotator "www.Chessboard.ir"]
[PlyCount "79"]
[EventDate "2014.??.??"]
[EventRounds "2"]
[EventCountry "IRI"]
[WhiteClock "0:31:08"]
[BlackClock "0:01:59"]

1. e4 Nf6 2. e5 Nd5 3. d4 d6 4. c4 Nb6 5. exd6 cxd6 6. Nc3 g6 7. c5 dxc5 8.
Bb5+ Nc6 9. dxc5 Qxd1+ 10. Kxd1 Nd7 11. Nd5 Rb8 12. Nf3 Bg7 13. Re1 e5 14. Nc7+
Kd8 15. Nd5 h6 16. Bd2 a6 17. Bxc6 bxc6 18. Ba5+ Ke8 19. Nb6 f6 20. Nd4 Nxb6
21. Bxb6 Bd7 22. Nc2 Kf7 23. Ke2 Rhc8 24. Red1 Be6 25. a4 a5 26. Ne3 f5 27.
Rac1 Rb7 28. Nc4 Bxc4+ 29. Rxc4 Bf8 30. Rd2 Ra8 31. Rc3 Ke6 32. Rcd3 Rc8 33.
Rd8 Rbb8 34. R8d7 Be7 35. Ra7 Ra8 36. Rdd7 Bf8 37. Kd3 e4+ 38. Kc4 g5 39. Rxa8
Rxa8 40. Rc7 1-0

[Event "2nd BEHIN BAZAFARIN-Tehran"]
[Site "Tehran"]
[Date "2014.11.22"]
[Round "9.6"]
[White "Pourghanbarzad Lashtnesha, Arm"]
[Black "Alavi, Sayed Javad"]
[Result "0-1"]
[WhiteElo "2286"]
[BlackElo "2458"]
[Annotator "www.Chessboard.ir"]
[PlyCount "176"]
[EventDate "2014.??.??"]
[EventRounds "2"]
[EventCountry "IRI"]
[WhiteClock "0:11:14"]
[BlackClock "0:03:33"]

1. e4 c5 2. Nf3 e6 3. d4 cxd4 4. Nxd4 Nc6 5. Nc3 Qc7 6. Be2 a6 7. Be3 Nf6 8.
O-O Be7 9. f4 d6 10. Qe1 O-O 11. Qg3 Nxd4 12. Bxd4 b5 13. a3 Bb7 14. Kh1 Rad8
15. Rae1 Rd7 16. Bd3 Re8 17. e5 dxe5 18. Bxe5 Qd8 19. Ne4 Nh5 20. Qh3 g6 21.
Ng3 Nxg3+ 22. hxg3 Bd6 23. g4 Bxe5 24. Rxe5 Rd4 25. Qg3 Bd5 26. Rfe1 Bc4 27.
Bxc4 bxc4 28. f5 Rd1 29. Qf2 Rxe1+ 30. Qxe1 Qf6 31. g5 Qxg5 32. fxe6 f5 33. e7
Kf7 34. Qe2 Qh4+ 35. Kg1 Qd4+ 36. Kh1 c3 37. bxc3 Qxc3 38. Re3 Qc5 39. Qd3 Rxe7
40. Rxe7+ Kxe7 41. Qxa6 Qxc2 42. Qb7+ Kf6 43. Qxh7 Qc1+ 44. Kh2 Qxa3 45. Qh4+
Ke6 46. Qc4+ Ke5 47. Qe2+ Kf6 48. Qd2 Qe7 49. g3 g5 50. Qc3+ Qe5 51. Qc6+ Qe6
52. Qc3+ Kg6 53. Qc2 Qe4 54. Qb2 Qf3 55. Qd2 Kh5 56. Qb2 Qd5 57. Qh8+ Kg6 58.
Qb2 Qe4 59. Qa2 Kh5 60. Qd2 g4 61. Qd6 Kg5 62. Kg1 Qb1+ 63. Kg2 Qb2+ 64. Kg1
Qf6 65. Qf4+ Kg6 66. Kg2 Qc6+ 67. Kg1 Qe4 68. Qd6+ Kf7 69. Qd7+ Kf6 70. Qd6+
Qe6 71. Qf4 Qe1+ 72. Kh2 Qe2+ 73. Kg1 Ke6 74. Qh6+ Kd5 75. Qf4 Qe5 76. Qf2 Qd4
77. Kh1 Qe4+ 78. Kh2 Kc4 79. Qd2 Qd3 80. Qb2 Qc3 81. Qf2 Qd3 82. Qa2+ Kc3 83.
Qa5+ Kc2 84. Qc5+ Kd1 85. Qg1+ Ke2 86. Qg2+ Ke1 87. Qh1+ Qf1 88. Qe4+ Qe2+ 0-1

[Event "2nd BEHIN BAZAFARIN-Tehran"]
[Site "Tehran"]
[Date "2014.11.22"]
[Round "9.7"]
[White "Javanbakht, Nima"]
[Black "Toufighi, Homayoon"]
[Result "1-0"]
[WhiteElo "2379"]
[BlackElo "2440"]
[Annotator "www.Chessboard.ir"]
[PlyCount "81"]
[EventDate "2014.??.??"]
[EventRounds "2"]
[EventCountry "IRI"]
[WhiteClock "0:37:53"]
[BlackClock "1:19:25"]

1. d4 b6 2. c4 Bb7 3. Nf3 g6 4. Nc3 Bg7 5. e4 d6 6. Bd3 e5 7. d5 Ne7 8. h4 Nd7
9. Be3 c6 10. h5 gxh5 11. Rxh5 cxd5 12. exd5 Nf6 13. Rh1 b5 14. Bh6 Bxh6 15.
Rxh6 Neg8 16. Rh4 bxc4 17. Bxc4 Ne7 18. Qd2 Ng6 19. Bb5+ Ke7 20. Qg5 h6 21.
Rxh6 Rxh6 22. Qxh6 Qa5 23. Nh4 Nxh4 24. Qxh4 Rc8 25. Bc6 Bxc6 26. dxc6 Rxc6 27.
b4 Qa3 28. Nd5+ Ke6 29. Qxf6+ Kxd5 30. Qxf7+ Ke4 31. Qh7+ Kd4 32. Rd1+ Kc4 33.
Qh4+ Kb5 34. Rd5+ Kb6 35. Qd8+ Kb7 36. Rb5+ Rb6 37. Qd7+ Kb8 38. Qd8+ Kb7 39.
Qd7+ Kb8 40. Qxd6+ Kb7 41. Qd5+ 1-0

[Event "2nd BEHIN BAZAFARIN-Tehran"]
[Site "Tehran"]
[Date "2014.11.22"]
[Round "9.8"]
[White "Soozankar, A.M."]
[Black "Pourramezanali, Amirreza"]
[Result "0-1"]
[WhiteElo "2190"]
[BlackElo "2414"]
[Annotator "www.Chessboard.ir"]
[PlyCount "68"]
[EventDate "2014.??.??"]
[EventRounds "2"]
[EventCountry "IRI"]
[WhiteClock "0:27:58"]
[BlackClock "0:47:15"]

1. e4 c6 2. d4 g6 3. Nf3 d5 4. Nc3 Bg7 5. h3 dxe4 6. Nxe4 Nd7 7. Bd3 Ngf6 8.
O-O O-O 9. Re1 Nxe4 10. Bxe4 Qa5 11. Bg5 e5 12. dxe5 Nxe5 13. Nxe5 Qxe5 14. Bc1
Re8 15. Re2 Bf5 16. Bf3 Qb5 17. c3 Red8 18. Qb3 Qxb3 19. axb3 Rd1+ 20. Kh2 Rad8
21. Bg5 Rxa1 22. Bxd8 Be6 23. b4 h5 24. Rd2 Be5+ 25. g3 Kg7 26. Bg5 a5 27. b5
cxb5 28. Bxb7 b4 29. Re2 bxc3 30. Rxe5 cxb2 31. Be4 Bf5 32. Bb1 Rxb1 33. Rb5
Be4 34. g4 Rh1+ 0-1

[Event "2nd BEHIN BAZAFARIN-Tehran"]
[Site "Tehran"]
[Date "2014.11.22"]
[Round "9.9"]
[White "Mojaverian, Hossein"]
[Black "Mahjoob, Morteza"]
[Result "1-0"]
[WhiteElo "2136"]
[BlackElo "2412"]
[Annotator "www.Chessboard.ir"]
[PlyCount "160"]
[EventDate "2014.??.??"]
[EventRounds "2"]
[EventCountry "IRI"]
[WhiteClock "0:02:08"]
[BlackClock "0:04:18"]

1. d4 g6 2. e4 Bg7 3. Nc3 c6 4. Be3 d5 5. Qd2 dxe4 6. Nxe4 Nd7 7. Bc4 Ngf6 8.
Nxf6+ Nxf6 9. Nf3 Ne4 10. Qe2 Qa5+ 11. c3 Nd6 12. Bb3 Bg4 13. Bf4 O-O 14. O-O-O
Qf5 15. Qe3 a5 16. h3 Bxf3 17. Qxf3 a4 18. Bc2 Qa5 19. a3 Nc4 20. Qe2 Qd5 21.
Be4 Qe6 22. Bd3 Qxe2 23. Bxe2 Nb6 24. Rhe1 Nd5 25. Bg3 b5 26. Bf3 e6 27. Be5
Bh6+ 28. Kc2 Rfd8 29. h4 Rd7 30. Rh1 Rf8 31. Rhe1 Rc8 32. Be2 Bf8 33. Rh1 Be7
34. Rh3 f6 35. Bg3 Kf7 36. Rhh1 Bd6 37. Bxd6 Rxd6 38. g3 Rcd8 39. Rhe1 Re8 40.
Bf3 Nb6 41. Be2 Ke7 42. Bd3 Kf7 43. Re2 Red8 44. Ree1 Nd7 45. f4 f5 46. Be2 Kf6
47. Bd3 h6 48. Rh1 Nb6 49. Be2 Nd5 50. Kc1 Rg8 51. Bf3 Ne7 52. Kd2 Rg7 53. Ke3
Nc8 54. Be2 Nb6 55. Bd3 Rd8 56. Rdg1 Ke7 57. Be2 Rdg8 58. Rh3 Kd6 59. Rgh1 Nd5+
60. Kf2 g5 61. hxg5 hxg5 62. fxg5 Rxg5 63. R1h2 R8g6 64. Bf3 Nf6 65. Rh1 Ng4+
66. Ke2 Nf6 67. Kf2 Nd5 68. Rd1 Nb6 69. Rd2 Nc4 70. Re2 c5 71. Rc2 Rg7 72. Re2
R5g6 73. Rc2 Rg8 74. Re2 R8g7 75. Rc2 Kc7 76. dxc5 Ne5 77. Re2 Nd3+ 78. Ke3
Nxc5 79. Kf4 Nd3+ 80. Ke3 Rxg3 1-0

[Event "2nd BEHIN BAZAFARIN-Tehran"]
[Site "Tehran"]
[Date "2014.11.22"]
[Round "9.10"]
[White "Nadanian, Ashot"]
[Black "Khademi, Mohammad Miran"]
[Result "0-1"]
[WhiteElo "2385"]
[BlackElo "2202"]
[Annotator "www.Chessboard.ir"]
[PlyCount "82"]
[EventDate "2014.??.??"]
[EventRounds "2"]
[EventCountry "IRI"]
[WhiteClock "0:37:23"]
[BlackClock "0:32:51"]

1. d4 e6 2. c4 Bb4+ 3. Nc3 c5 4. e3 Nf6 5. Bd3 O-O 6. Nge2 cxd4 7. exd4 d5 8.
O-O dxc4 9. Bxc4 Nc6 10. Bg5 Be7 11. a3 b6 12. Qd3 Bb7 13. Rad1 Rc8 14. Ba2 Nd5
15. Bc1 Nxc3 16. bxc3 Na5 17. Rfe1 Qc7 18. Nf4 Bd6 19. Qg3 Qxc3 20. Qg4 Kh8 21.
Nh5 Rg8 22. Qh4 Qc2 23. d5 Qxa2 24. dxe6 Qc4 25. Qh3 fxe6 26. Bb2 Bf8 27. Rd7
Qc2 28. Be5 Qe4 29. Rdd1 Qf5 30. Qh4 Nc6 31. Ba1 e5 32. g4 Nd4 33. gxf5 Nf3+
34. Kg2 Nxh4+ 35. Kh3 Nf3 36. Re3 Rc4 37. Rd7 Ng5+ 38. Kg3 Ne4+ 39. Kh3 Nxf2+
40. Kg3 Ne4+ 41. Kh3 Bc8 0-1

[Event "2nd BEHIN BAZAFARIN-Tehran"]
[Site "Tehran"]
[Date "2014.11.22"]
[Round "9.11"]
[White "Shafaee, H."]
[Black "Malakhatko, Vadim"]
[Result "0-1"]
[WhiteElo "2022"]
[BlackElo "2533"]
[Annotator "www.Chessboard.ir"]
[PlyCount "70"]
[EventDate "2014.??.??"]
[EventRounds "2"]
[EventCountry "IRI"]

1. Nf3 Nf6 2. c4 e6 3. g3 d5 4. d4 dxc4 5. Qa4+ Nbd7 6. Bg2 a6 7. Qxc4 b5 8.
Qc2 Bb7 9. Nc3 c5 10. O-O Rc8 11. dxc5 Bxc5 12. a3 O-O 13. Bf4 Qb6 14. Rad1
Rfd8 15. e4 h6 16. Ne5 Nxe5 17. Rxd8+ Qxd8 18. Bxe5 Ng4 19. Bf4 Bd4 20. Qe2 Ne5
21. Bxe5 Bxe5 22. Rd1 Qb6 23. Rd3 Rc4 24. Bf3 g6 25. Kg2 Kg7 26. Nd1 h5 27. Nc3
b4 28. axb4 Rxb4 29. Rd2 a5 30. Qd1 Rxb2 31. Na4 Rxd2 32. Qxd2 Qb5 33. Qc2 Ba6
34. h4 Qf1+ 35. Kh2 Bd4 0-1

[Event "2nd BEHIN BAZAFARIN-Tehran"]
[Site "Tehran"]
[Date "2014.11.22"]
[Round "9.12"]
[White "Asadi, Sadegh"]
[Black "Amonatov, Farrukh"]
[Result "0-1"]
[WhiteElo "2106"]
[BlackElo "2608"]
[Annotator "www.Chessboard.ir"]
[PlyCount "68"]
[EventDate "2014.??.??"]
[EventRounds "2"]
[EventCountry "IRI"]
[WhiteClock "0:55:37"]
[BlackClock "1:12:45"]

1. e4 c5 2. c3 d5 3. exd5 Qxd5 4. d4 Nc6 5. Nf3 Bg4 6. Be2 cxd4 7. cxd4 e6 8.
Nc3 Qa5 9. h3 Bh5 10. d5 O-O-O 11. O-O Nf6 12. Ne5 Nxe5 13. Bxh5 Nxd5 14. Qe2
Nxc3 15. bxc3 g6 16. Bf3 Nxf3+ 17. Qxf3 Qf5 18. Bf4 g5 19. Rab1 Qd5 20. Qxd5
Rxd5 21. c4 Ra5 22. Bd2 Rxa2 23. Bxg5 Bc5 24. Bh4 Rc2 25. Rb3 Rxc4 26. Bf6 Rg8
27. Rf3 a5 28. Ra1 a4 29. g3 b5 30. Kg2 Kb7 31. Be5 f5 32. Rd1 Re4 33. Bf4 Kc6
34. Rfd3 Rxf4 0-1

[Event "2nd BEHIN BAZAFARIN-Tehran"]
[Site "Tehran"]
[Date "2014.11.22"]
[Round "9.13"]
[White "Afshari, Mohammadreza"]
[Black "Mousavi, Seyed Khalil"]
[Result "1/2-1/2"]
[WhiteElo "2084"]
[BlackElo "2339"]
[Annotator "www.Chessboard.ir"]
[PlyCount "47"]
[EventDate "2014.??.??"]
[EventRounds "2"]
[EventCountry "IRI"]

1. d4 d5 2. c4 e6 3. Nc3 c5 4. cxd5 cxd4 5. Qa4+ Bd7 6. Qxd4 exd5 7. Qxd5 Nc6
8. Nf3 Nf6 9. Qd1 Bc5 10. e3 O-O 11. Be2 Qe7 12. O-O Rfd8 13. Qb3 Bg4 14. h3
Bh5 15. Rd1 Rxd1+ 16. Qxd1 Rd8 17. Bd2 Bg6 18. a3 Ne4 19. Nxe4 Bxe4 20. Qe1 h5
21. Bc3 Bd6 22. Rd1 Rc8 23. Qd2 Rd8 24. Qe1 1/2-1/2

[Event "2nd BEHIN BAZAFARIN-Tehran"]
[Site "Tehran"]
[Date "2014.11.22"]
[Round "9.14"]
[White "Grabliauskas, Virginijus"]
[Black "Salimifard, Behtash"]
[Result "1-0"]
[WhiteElo "2337"]
[BlackElo "2074"]
[Annotator "www.Chessboard.ir"]
[PlyCount "61"]
[EventDate "2014.??.??"]
[EventRounds "2"]
[EventCountry "IRI"]

1. d4 Nf6 2. c4 c5 3. d5 e6 4. Nc3 exd5 5. cxd5 d6 6. Nf3 g6 7. Nd2 Nbd7 8. e4
Bg7 9. Be2 O-O 10. O-O Re8 11. a4 a6 12. Ra3 Ne5 13. Qc2 Rb8 14. a5 b5 15. axb6
Rxb6 16. f4 Neg4 17. Nc4 Rb4 18. h3 Nh6 19. Qd3 a5 20. Qf3 Ba6 21. b3 a4 22.
Rxa4 Rxb3 23. Rxa6 Nxe4 24. Nxe4 Rxf3 25. Bxf3 Bd4+ 26. Kh2 Qd7 27. Nexd6 Rb8
28. f5 Nxf5 29. Bg4 Rb1 30. Ra8+ Kg7 31. Ne8+ 1-0